Clínica Mayo: guía de autocuidados
Na minha lista:
| Autor principal: | |
|---|---|
| Formato: | Livro |
| Idioma: | espanhol |
| Publicado em: |
Cuernavaca
Intersistemas S. A
2000
|
| Edição: | 1a. ed |
| Assuntos: | |
| Tags: |
Adicionar Tag
Sem tags, seja o primeiro a adicionar uma tag!
|
MARC
| LEADER | 00000cam a2200000 a 4500 | ||
|---|---|---|---|
| 001 | UCF0413 | ||
| 003 | CL-VaPUC | ||
| 008 | 120517e20000000MX |||||||||||||||||spa|d | ||
| 020 | |a 096278656X | ||
| 082 | 0 | 4 | |a 613 |b HAG |2 21 |
| 100 | 0 | |a Hagen, Philip T |e author |9 562228 | |
| 245 | 1 | 0 | |a Clínica Mayo: guía de autocuidados |
| 250 | |a 1a. ed | ||
| 300 | |a 244 p | ||
| 942 | |c BK | ||
| 945 | |d 20120517 00:00:00 |a dcastane | ||
| 260 | |a Cuernavaca |b Intersistemas S. A |c 2000 | ||
| 650 | 0 | |a Salud |9 258663 | |
| 650 | 0 | |a Autocuidado |9 546273 | |
| 650 | 0 | |a Prevención de enfermedades |9 393975 | |
| 583 | |a last modification |c 20121105 12:44:14 |k Rodrigo Vera | ||
| 999 | |c 347743 |d 347741 | ||